LDR 00725naa#a2200193#i#450# 001 EN\\bibl\122858 005 20260514032448.4 011 ## _a2712-7761 100 ## _a20260506b2026####ek#y0engy0150####ca 102 ## _aRU 200 1# _aTransformations of detrital chrome spinels during metamorphism of Lower Paleozoic rocks of the Alkesvozh suite (Subpolar Urals) _eJournal article 210 1# _aSyktyvkar _cFSBI FIC "Komi Scientific Center of the Ural Branch of the Russian Academy of Sciences" _d2026 215 ## _a17 с. 608 ## _aJournal article _2local 675 ## _aШпинель. 549.731.11 _z 700 #1 _aOnishchenko _gS. A. 700 #1 _aEfanova _gLyudmila Ivanovna 700 #1 _aKuznetsov _gSergey Karpovich 856 4# _akomisc.editorum.ru _u